Electricity,magnetism and light

Bibliographic Details
Main Author: Lafferty,Peter
Format: Book
Published: Chicago : J.G.Ferguson publishing company , 1996
Series:New science library
Subjects:

MARC

LEADER 00000cam a2200000 7i4500
001 0000064073
005 20160621.0
008 160621
020 |a 089434160X (set) 
090 0 0 |a 500   |b LAF 
100 1 |a Lafferty,Peter 
245 1 0 |a Electricity,magnetism and light   |c Peter Lafferty 
260 |a Chicago :   |b J.G.Ferguson publishing company ,   |c 1996 
490 1 |a New science library 
650 0 |a Physical sciences--juvenile literature 
650 0 |a Science--juvenile literature 
999 |a 0000576574   |b Book   |c Adult Collection   |e Cawangan Pontian 
999 |a 0000576577   |b Book   |c Adult Collection   |e Cawangan Muar